Detalles MARC
| 000 -LEADER |
| fixed length control field |
01082nam a2200289 a 4500 |
| 001 - CONTROL NUMBER |
| control field |
|
| 003 - CONTROL NUMBER IDENTIFIER |
| control field |
DO-SdBNP |
| 005 - DATE AND TIME OF LATEST TRANSACTION |
| control field |
20220509112830.0 |
| 008 - FIXED-LENGTH DATA ELEMENTS--GENERAL INFORMATION |
| fixed length control field |
090716s2008 dr a 000 0bspa d |
| 020 ## - INTERNATIONAL STANDARD BOOK NUMBER |
| International Standard Book Number |
9789945020472 |
| 040 ## - CATALOGING SOURCE |
| Original cataloging agency |
DO-SdBNP |
| Language of cataloging |
spa |
| Transcribing agency |
BPMSU |
| 082 ## - DEWEY DECIMAL CLASSIFICATION NUMBER |
| Classification number |
282.7293053 |
| Item number |
S955b 2008 |
| Edition number |
22 |
| 245 13 - TITLE STATEMENT |
| Title |
La sumisión bien pagada: |
| Remainder of title |
la iglesia dominicana bajo la Era de Trujillo (1930-1961) / |
| Statement of responsibility, etc. |
compilador José Luis Sáez. |
| 260 ## - PUBLICATION, DISTRIBUTION, ETC. (IMPRINT) |
| Place of publication, distribution, etc. |
Santo Domingo : |
| Name of publisher, distributor, etc. |
Archivo General de la Nación, |
| Date of publication, distribution, etc. |
2008. |
| 300 ## - PHYSICAL DESCRIPTION |
| Extent |
v. ; |
| Dimensions |
26 cm. |
| Other physical details |
|
| 490 0# - SERIES STATEMENT |
| Series statement |
Archivo General de la Nación |
| Volume/sequential designation |
61 |
| 500 ## - GENERAL NOTE |
| General note |
Incluye índice onomástico |
| 504 ## - BIBLIOGRAPHY, ETC. NOTE |
| Bibliography, etc |
Bibliografía : p. 331-334 |
| 590 ## - LOCAL NOTE (RLIN) |
| Local note |
Inventariado, 2022/VM |
| 650 #4 - SUBJECT ADDED ENTRY--TOPICAL TERM |
| Topical term or geographic name as entry element |
Iglesia católica |
| Geographic subdivision |
República Dominicana |
| General subdivision |
Historia |
| Chronological subdivision |
Siglo XX |
| 650 #4 - SUBJECT ADDED ENTRY--TOPICAL TERM |
| Topical term or geographic name as entry element |
Iglesia y Estado en República Dominicana |
| General subdivision |
Siglo XX |
| 651 #4 - SUBJECT ADDED ENTRY--GEOGRAPHIC NAME |
| Geographic name |
República Dominicana |
| General subdivision |
Historia |
| Chronological subdivision |
Era de Trujillo, 1930-1961 |
| 700 1# - ADDED ENTRY--PERSONAL NAME |
| Personal name |
Sáez, José Luis |
| Relator term |
compilador |
| 710 2# - ADDED ENTRY--CORPORATE NAME |
| Corporate name or jurisdiction name as entry element |
Archivo General de la Nación (República Dominicana) |
| 910 ## - USER-OPTION DATA (OCLC) |
| User-option data |
VMateo V. |
| 942 ## - ADDED ENTRY ELEMENTS (KOHA) |
| Source of classification or shelving scheme |
Dewey Decimal Classification |
| Koha item type |
Libros |